[Event "FRA-ch Blitz Online Qual"]
[Site "Europe Echecs INT"]
[Date "2020.05.16"]
[Round "13"]
[White "Gordon, James"]
[Black "Casas, Alexandre"]
[Result "1-0"]
[WhiteElo "1775"]
[BlackElo "1933"]
[PlyCount "79"]
[EventDate "2020.05.16"]
[EventType "swiss (blitz)"]
[EventRounds "15"]
[EventCountry "FRA"]
[SourceTitle "CBM 196 Extra"]
[Source "ChessBase"]
[SourceDate "2020.07.31"]
[SourceVersion "1"]
[SourceVersionDate "2020.07.31"]
[SourceQuality "1"]

1. d4 Nf6 2. Nf3 e6 3. e3 b6 4. Bd3 Bb7 5. Nbd2 d5 6. 0-0 Bd6 7. b3 0-0 8. Bb2 Nbd7 9. Ne5 c5 10. f4 Ne4 11. Nxe4 dxe4 12. Bc4 Nf6 13. g4 a6 14. a4 Rb8 15. g5 Nd5 16. Qe2 a5 17. Rf2 f6 18. gxf6 Rxf6 19. Rg2 Qe8 20. Qg4 g6 21. Re1 cxd4 22. Bxd4 Bc5 23. Bb5 Qe7 24. Bxc5 bxc5 25. Nd7 Rd8 26. Nxf6+ Qxf6 27. Qg5 Qf8 28. h4 Ne7 29. Bc4 Bd5 30. Be2 Rd7 31. Bb5 Rc7 32. Qe5 Qd8 33. c4 Bb7 34. Qxe6+ Kg7 35. h5 Bc8 36. Qe5+ Kg8 37. hxg6 hxg6 38. Rh2 Kf8 39. Qf6+ Kg8 40. Rh8# 1-0

[Event "FRA-ch Blitz Online Qual"]
[Site "Europe Echecs INT"]
[Date "2020.05.16"]
[Round "1"]
[White "Gordon, James"]
[Black "Vlachos, Anatole"]
[Result "0-1"]
[WhiteElo "1775"]
[BlackElo "2401"]
[PlyCount "88"]
[EventDate "2020.05.16"]
[EventType "swiss (blitz)"]
[EventRounds "15"]
[EventCountry "FRA"]
[SourceTitle "CBM 196 Extra"]
[Source "ChessBase"]
[SourceDate "2020.07.31"]
[SourceVersion "1"]
[SourceVersionDate "2020.07.31"]
[SourceQuality "1"]

1. d4 f5 2. Nf3 Nf6 3. c4 g6 4. Nc3 Bg7 5. g3 0-0 6. Bg2 d6 7. 0-0 Qe8 8. Nd2 e5 9. dxe5 dxe5 10. e3 Na6 11. a3 Nc5 12. Qc2 e4 13. b4 Nd3 14. Nb3 Be6 15. Nb5 Qf7 16. Nd2 Ng4 17. Rb1 Rfd8 18. a4 Nge5 19. Kh1 Nxc4 20. Nxc4 Bxc4 21. Na3 Be6 22. Bd2 Rd6 23. Qd1 Rad8 24. Qe2 Nf4 25. exf4 Rxd2 26. Qb5 c6 27. Qa5 a6 28. Rbc1 R2d7 29. Qb6 Bd4 30. Qa5 Bd5 31. b5 axb5 32. axb5 e3 33. bxc6 bxc6 34. h3 exf2 35. Rfd1 Bxg2+ 36. Kxg2 Qe6 37. Qd2 Qe4+ 38. Kh2 f1Q 39. Rxf1 Bg1+ 40. Kxg1 Rxd2 41. Rf2 Rxf2 42. Kxf2 Rd2+ 43. Kf1 Qe2+ 44. Kg1 Qg2# 0-1